000 00414nam a2200145 4500
003 LK-CoDNM
005 20240129143417.0
008 240129b |||||||| |||| 00| 0 eng d
040 _aLK-CoDNM
_dLK-CoDNM
_eLK-CoDNM
080 _a104
_bN 9
100 _aකරුණාදාස,ඩබ්ලිව්.ඒ.සී
245 _aභෛෂජ්‍ය ගුණ දර්පණය
260 _c1914
942 _n0
_cBK
999 _c144680
_d144680